Normal view
MARC view
- Banerji, P.K Chaurasia, V.B.L Goyal, M.C
Entry Personal Name
001 - CONTROL NUMBER
- control field: 60574
003 - CONTROL NUMBER IDENTIFIER
- control field: NUST
005 - DATE AND TIME OF LATEST TRANSACTION
- control field: 20210628202558.0
008 - FIXED-LENGTH DATA ELEMENTS
- fixed length control field: 210628|| aca||aabn | a|a d
040 ## - CATALOGING SOURCE
- Original cataloging agency: NUST
- Transcribing agency: NUST
100 ## - HEADING--PERSONAL NAME
- Personal name: Banerji, P.K Chaurasia, V.B.L Goyal, M.C
670 ## - SOURCE DATA FOUND
- Source citation: Work cat.: (NUST): Banerji, P.K Chaurasia, V.B.L Goyal, M.C, Differential equations part - ii, 2004
